[Event "V Festival A"]
[Site "Livorno ITA"]
[Date "2009.06.28"]
[Round "5"]
[White "Evangelisti, Claudio R."]
[Black "Pulito, Alberto"]
[Result "1-0"]
[WhiteElo "2260"]
[BlackElo "2256"]
[PlyCount "63"]
[EventDate "2009.06.26"]

1. c4 e6 2. d4 d5 3. Nf3 Nf6 4. g3 Be7 5. Bg2 O-O 6. O-O dxc4 7. Qa4 Bd7 8.
Qxc4 Bc6 9. Nc3 a6 10. Qd3 b5 11. Bg5 Nbd7 12. Bxf6 Nxf6 13. e4 b4 14. Ne5 Be8
15. Ne2 Bb5 16. Qe3 Nd7 17. Nxd7 Qxd7 18. Rfd1 Rad8 19. e5 c5 20. d5 exd5 21.
Bxd5 Kh8 22. Qe4 Qa7 23. Nf4 Bg5 24. Bc4 Bxf4 25. Qxf4 Rxd1+ 26. Rxd1 Qe7 27.
Rd5 Bc6 28. Rd6 Bb5 29. b3 Bxc4 30. bxc4 f6 31. e6 Rd8 32. Rd7 1-0

[Event "V Festival A"]
[Site "Livorno ITA"]
[Date "2009.06.28"]
[Round "5"]
[White "Giuntoli, Andrea"]
[Black "Mazzetta, Renato"]
[Result "1/2-1/2"]
[WhiteElo "1992"]
[BlackElo "1907"]
[PlyCount "52"]
[EventDate "2009.06.26"]

1. e4 d5 2. exd5 Qxd5 3. Nc3 Qd6 4. d4 Nf6 5. Bc4 c6 6. Be3 Bf5 7. Nf3 e6 8. a4
Qc7 9. Qe2 Bd6 10. O-O O-O 11. h3 Nd5 12. Nh4 Nxe3 13. fxe3 Bg6 14. Nxg6 hxg6
15. Qg4 Nd7 16. Ne4 Rae8 17. Ng5 Nf6 18. Qe2 Nh5 19. Ne4 Bh2+ 20. Kh1 f5 21. g4
Ng3+ 22. Nxg3 Bxg3 23. Kg2 Bh4 24. Qf3 Kh7 25. Bd3 Kg8 26. Bc4 Kh7 1/2-1/2

[Event "I Festival"]
[Site "Perugia ITA"]
[Date "2009.06.27"]
[Round "1"]
[White "Barletta, Mauro"]
[Black "Cicioni, Luigi"]
[Result "1-0"]
[WhiteElo "2224"]
[BlackElo "1771"]
[PlyCount "49"]
[EventDate "2009.06.27"]

1. e4 c5 2. c3 Nf6 3. e5 Nd5 4. Nf3 Nc6 5. Bc4 e6 6. d4 cxd4 7. cxd4 d6 8. O-O
Be7 9. exd6 Qxd6 10. Nc3 O-O 11. Re1 Nb6 12. Bd3 Nb4 13. Ne4 Qd8 14. Bb1 Bd7
15. a3 N4d5 16. Qd3 f5 17. Nc5 Rc8 18. b4 Na4 19. Bd2 Nxc5 20. bxc5 Qe8 21. Ba2
Bb5 22. Qb1 Bf6 23. Bxd5 exd5 24. Rxe8 Rfxe8 25. Qxb5 1-0

[Event "I Festival"]
[Site "Perugia ITA"]
[Date "2009.06.27"]
[Round "1"]
[White "Bighiu, Gheorghe"]
[Black "Gubbiotti, David"]
[Result "1-0"]
[WhiteElo "2045"]
[BlackElo "1670"]
[PlyCount "42"]
[EventDate "2009.06.27"]

1. e4 c5 2. d4 cxd4 3. c3 dxc3 4. Nxc3 Nc6 5. Bc4 e6 6. Nf3 a6 7. a4 Qc7 8. O-O
Bc5 9. Qe2 Nf6 10. h3 h6 11. e5 Nh7 12. Bf4 f6 13. Ne4 Nxe5 14. Nxe5 fxe5 15.
Qh5+ Kd8 16. Bxe5 d6 17. Bxd6 Bxd6 18. Nxd6 Ke7 19. Rad1 Nf6 20. Nb5 Bd7 21.
Nxc7 Nxh5 1-0

[Event "I Festival"]
[Site "Perugia ITA"]
[Date "2009.06.27"]
[Round "1"]
[White "Bonucci, Riccardo"]
[Black "Tiengo, Davide"]
[Result "0-1"]
[WhiteElo "1714"]
[BlackElo "2070"]
[PlyCount "62"]
[EventDate "2009.06.27"]

1. e4 c5 2. Nf3 Nc6 3. d4 cxd4 4. Nxd4 Nf6 5. Nc3 e5 6. Nb3 Bb4 7. Bd3 d5 8.
exd5 Nxd5 9. Bd2 Nxc3 10. bxc3 Be7 11. O-O O-O 12. Qe2 f5 13. Bc4+ Kh8 14. Rad1
Qc7 15. f3 Bf6 16. Be3 b6 17. Bd5 Bd7 18. c4 Rab8 19. Qf2 Ne7 20. Kh1 Nxd5 21.
cxd5 Rfc8 22. Rd2 f4 23. Qe2 fxe3 24. Qxe3 Qc4 25. Rff2 a5 26. g3 h6 27. f4
exf4 28. gxf4 Re8 29. Qf3 Re1+ 30. Kg2 a4 31. Qg3 Qe4+ 0-1

[Event "I Festival"]
[Site "Perugia ITA"]
[Date "2009.06.27"]
[Round "1"]
[White "Cerina, Antonio"]
[Black "Ricci, Alfredo"]
[Result "0-1"]
[WhiteElo "1370"]
[BlackElo "2024"]
[PlyCount "36"]
[EventDate "2009.06.27"]

1. e4 c5 2. Nf3 e6 3. d4 cxd4 4. Nxd4 a6 5. Nc3 Qc7 6. Bd3 d6 7. O-O Nf6 8. f4
Nbd7 9. Nb3 b5 10. a3 Bb7 11. Be3 Be7 12. Qf3 O-O 13. Rad1 Nc5 14. Nxc5 dxc5
15. Be2 b4 16. axb4 cxb4 17. Na4 Bxe4 18. Qh3 Qxc2 0-1

[Event "I Festival"]
[Site "Perugia ITA"]
[Date "2009.06.27"]
[Round "1"]
[White "Colabrese, Cary"]
[Black "Buratti, Marco"]
[Result "0-1"]
[WhiteElo "1588"]
[BlackElo "2037"]
[PlyCount "54"]
[EventDate "2009.06.27"]

1. d4 d5 2. c4 e5 3. cxd5 Qxd5 4. Nc3 Qxd4 5. Bd2 Bc5 6. e3 Qd8 7. Bc4 Nf6 8.
h3 O-O 9. Nge2 Bf5 10. Ng3 Bg6 11. Qb3 Nc6 12. a3 Na5 13. Qa2 Nxc4 14. Qxc4 Bb6
15. O-O-O Bd3 16. Qh4 Qe8 17. Be1 Rd8 18. e4 Qe6 19. Rxd3 Rxd3 20. Nf5 Rfd8 21.
Qg5 g6 22. Nh6+ Kh8 23. Nd5 Rd6 24. Bc3 Bd4 25. Bxd4 Rxd4 26. Nxf6 Qc4+ 27. Kb1
Rd1+ 0-1

[Event "I Festival"]
[Site "Perugia ITA"]
[Date "2009.06.27"]
[Round "1"]
[White "Cuppone, Damiano"]
[Black "Lazic, Miroljub"]
[Result "0-1"]
[WhiteElo "1933"]
[BlackElo "2438"]
[PlyCount "54"]
[EventDate "2009.06.27"]

1. d4 d5 2. c4 c6 3. Nf3 Nf6 4. Nc3 e6 5. Bg5 h6 6. Bh4 dxc4 7. e4 g5 8. Bg3 b5
9. Be2 Bb7 10. O-O Nbd7 11. Qc2 Be7 12. Ne5 Qb6 13. a4 a6 14. Rfd1 Rd8 15. Nxf7
Kxf7 16. e5 c5 17. exf6 Nxf6 18. dxc5 Qxc5 19. Bf3 Bxf3 20. gxf3 Qf5 21. Qe2
Rxd1+ 22. Rxd1 Rd8 23. Rxd8 Bxd8 24. Kg2 Be7 25. axb5 axb5 26. Ne4 g4 27. Nd2
Qd5 0-1

[Event "I Festival"]
[Site "Perugia ITA"]
[Date "2009.06.27"]
[Round "1"]
[White "Djuric, Stefan"]
[Black "Castellano, Alfonso"]
[Result "1-0"]
[WhiteElo "2447"]
[BlackElo "1953"]
[PlyCount "45"]
[EventDate "2009.06.27"]

1. e4 c5 2. Nf3 d6 3. Nc3 Nf6 4. d4 cxd4 5. Nxd4 a6 6. f4 e5 7. Nf3 Nbd7 8. Bd3
Be7 9. O-O O-O 10. Kh1 b5 11. Qe1 Bb7 12. a3 Re8 13. fxe5 Nxe5 14. Nxe5 dxe5
15. Qg3 Kh8 16. Be3 Rc8 17. Rad1 Qc7 18. a4 b4 19. Nd5 Bxd5 20. exd5 Qd6 21.
Qh3 g6 22. a5 Bd8 23. Qxc8 1-0

[Event "I Festival"]
[Site "Perugia ITA"]
[Date "2009.06.27"]
[Round "1"]
[White "Leon Hoyos, Manuel"]
[Black "Burani, Eugenio"]
[Result "1-0"]
[WhiteElo "2527"]
[BlackElo "1993"]
[PlyCount "89"]
[EventDate "2009.06.27"]

1. d4 Nf6 2. Bg5 e6 3. Nf3 Be7 4. c4 Ne4 5. Bxe7 Qxe7 6. a3 b6 7. g3 Bb7 8. Bg2
d5 9. Qa4+ Bc6 10. Qc2 O-O 11. O-O Nd7 12. b4 Rac8 13. Nbd2 Nxd2 14. Nxd2 Bb7
15. c5 c6 16. e4 Ba6 17. Rfe1 Qf6 18. exd5 exd5 19. Qa4 Nb8 20. Nf3 Rc7 21. Ne5
Bb5 22. Qc2 Ba6 23. Re3 b5 24. a4 bxa4 25. Rxa4 Bb5 26. Ra1 Nd7 27. Rae1 Nxe5
28. Rxe5 g6 29. h4 h5 30. f4 Ba6 31. Qd2 Bc8 32. b5 cxb5 33. Bxd5 Bb7 34. Qa5
Rfc8 35. Qxb5 Bxd5 36. Rxd5 Re7 37. Rxe7 Qxe7 38. Re5 Qc7 39. Re8+ Rxe8 40.
Qxe8+ Kh7 41. c6 Qa5 42. Qxf7+ Kh6 43. Qf8+ Kh7 44. Qe7+ Kh6 45. Qg5+ 1-0

[Event "I Festival"]
[Site "Perugia ITA"]
[Date "2009.06.27"]
[Round "1"]
[White "Maddaloni, Giovanni"]
[Black "Bove, Alessandro"]
[Result "0-1"]
[WhiteElo "1812"]
[BlackElo "2297"]
[PlyCount "60"]
[EventDate "2009.06.27"]

1. c4 Nf6 2. Nc3 c5 3. Nf3 Nc6 4. g3 e6 5. Bg2 d5 6. O-O d4 7. Nb5 a6 8. Na3
Bd6 9. d3 O-O 10. Nc2 e5 11. e4 dxe3 12. Nxe3 Bc7 13. a3 Rb8 14. b3 Qd6 15. Ne1
Be6 16. Bb2 Nd4 17. N1c2 Nxb3 18. f4 Nxa1 19. fxe5 Qb6 20. Bxa1 Nd7 21. d4 cxd4
22. Bxd4 Qa5 23. Nd5 Bxd5 24. Bxd5 Bxe5 25. Be3 Nf6 26. Nb4 Qxa3 27. Bc5 Qa5
28. Bxf8 Rxf8 29. Nc2 Nxd5 30. cxd5 Qc5+ 0-1

[Event "I Festival"]
[Site "Perugia ITA"]
[Date "2009.06.27"]
[Round "1"]
[White "Malfagia, Andrea"]
[Black "Saponara, Nicola"]
[Result "1-0"]
[WhiteElo "2282"]
[BlackElo "1808"]
[PlyCount "53"]
[EventDate "2009.06.27"]

1. d4 Nf6 2. c4 g6 3. Nc3 Bg7 4. e4 d6 5. f3 O-O 6. Bg5 h6 7. Be3 a6 8. Qd2 Kh7
9. O-O-O Nbd7 10. e5 Ng8 11. e6 fxe6 12. Bd3 c6 13. h4 Rf7 14. Bxg6+ Kxg6 15.
Qc2+ Rf5 16. g4 Ndf6 17. Nge2 Kf7 18. gxf5 exf5 19. Nf4 e6 20. Rhg1 Ne7 21. d5
cxd5 22. cxd5 e5 23. Ne6 Bxe6 24. dxe6+ Kf8 25. Qd2 f4 26. Bc5 Ne8 27. Bxd6 1-0

[Event "I Festival"]
[Site "Perugia ITA"]
[Date "2009.06.27"]
[Round "1"]
[White "Mogranzini, Roberto"]
[Black "Bertolini, Ettore"]
[Result "1-0"]
[WhiteElo "2422"]
[BlackElo "1856"]
[PlyCount "89"]
[EventDate "2009.06.27"]

1. e4 e5 2. Nf3 d6 3. d4 exd4 4. Nxd4 Nf6 5. Nc3 Nc6 6. Bf4 Be7 7. Qd2 O-O 8.
O-O-O Ng4 9. Nd5 Bf6 10. Nb5 Be6 11. Nbxc7 Rc8 12. Nxf6+ Qxf6 13. Nd5 Qg6 14.
Bd3 Nge5 15. Kb1 Kh8 16. Bg3 Rfd8 17. a3 f6 18. Nf4 Qf7 19. Nxe6 Qxe6 20. f4
Nc4 21. Bxc4 Qxc4 22. Qd3 Qc5 23. Qd5 Qb6 24. Be1 Ne7 25. Qd3 Rc6 26. Bc3 Rdc8
27. Bd4 Qc7 28. Rd2 Ng6 29. g3 Nf8 30. Re1 b6 31. g4 Ne6 32. Be3 Nc5 33. Bxc5
bxc5 34. Qc4 Rb8 35. Rd3 Qb7 36. Rb3 Rb6 37. Rxb6 Qxb6 38. b3 Qc6 39. Rd1 Re8
40. Rd5 g6 41. h3 Qd7 42. Qd3 Rd8 43. e5 fxe5 44. fxe5 Qf7 45. Rxd6 1-0

[Event "I Festival"]
[Site "Perugia ITA"]
[Date "2009.06.27"]
[Round "1"]
[White "Piscopo, Pierluigi"]
[Black "Pichler, Christoph"]
[Result "1-0"]
[WhiteElo "2405"]
[BlackElo "1831"]
[PlyCount "83"]
[EventDate "2009.06.27"]

1. e4 e5 2. Nf3 Nc6 3. Bc4 Bc5 4. Nc3 d6 5. Na4 Bb6 6. Nxb6 axb6 7. O-O Qf6 8.
c3 Bg4 9. h3 Bxf3 10. Qxf3 Qxf3 11. gxf3 Na5 12. Bb5+ Ke7 13. d4 f6 14. Be3
exd4 15. cxd4 Nc6 16. Rfc1 Kd8 17. d5 Ne5 18. f4 Nd7 19. Rc3 Ne7 20. Rac1 Rc8
21. b4 f5 22. f3 Nf6 23. Bd3 Kd7 24. a4 Rhf8 25. a5 bxa5 26. bxa5 fxe4 27. fxe4
c6 28. Rb3 Rc7 29. Bb6 Rcc8 30. Bd4 Rc7 31. dxc6+ Nxc6 32. Bb6 Rcc8 33. e5 Nd5
34. exd6 Nxf4 35. Bf1 Rf6 36. Bc7 Nxa5 37. Rb5 b6 38. Rxb6 Rf5 39. Rb5 Rf6 40.
Rxa5 Ne2+ 41. Bxe2 Rxd6 42. Bg4+ 1-0

[Event "I Festival"]
[Site "Perugia ITA"]
[Date "2009.06.27"]
[Round "1"]
[White "Schiappoli, Dario"]
[Black "Laketic, Gojko"]
[Result "0-1"]
[WhiteElo "1959"]
[BlackElo "2457"]
[PlyCount "54"]
[EventDate "2009.06.27"]

1. e4 d6 2. d4 Nf6 3. Nc3 e5 4. dxe5 dxe5 5. Qxd8+ Kxd8 6. Bg5 Be6 7. O-O-O+
Nbd7 8. Nf3 Kc8 9. Be2 Bb4 10. Nd5 Bc5 11. Nxf6 Nxf6 12. Bd3 Ng4 13. Bh4 Bxf2
14. h3 Bxh4 15. hxg4 Bg3 16. g5 c6 17. Kb1 Kc7 18. g6 fxg6 19. Ng5 Bg8 20. Rdf1
Bf4 21. Nh3 Bh6 22. g4 g5 23. b3 Be6 24. Rf2 Raf8 25. Rhf1 Rxf2 26. Rxf2 Rd8
27. Bc4 Bxg4 0-1

[Event "I Festival"]
[Site "Perugia ITA"]
[Date "2009.06.27"]
[Round "1"]
[White "Seravelli, Paolo"]
[Black "Damia, Angelo"]
[Result "0-1"]
[WhiteElo "1804"]
[BlackElo "2235"]
[PlyCount "34"]
[EventDate "2009.06.27"]

1. e4 c5 2. Nf3 a6 3. d4 cxd4 4. Nxd4 Nf6 5. Nc3 e5 6. Nf3 Bb4 7. Bd3 d5 8. O-O
Bxc3 9. bxc3 dxe4 10. Qe2 exf3 11. Qxf3 O-O 12. Be4 Nxe4 13. Qxe4 Nc6 14. Be3
Qf6 15. g4 Qg6 16. Qc4 Bxg4 17. f3 Bxf3+ 0-1

[Event "I Festival"]
[Site "Perugia ITA"]
[Date "2009.06.27"]
[Round "1"]
[White "Tanasa, Remus"]
[Black "Romano, Claudio"]
[Result "1-0"]
[WhiteElo "2026"]
[BlackElo "1572"]
[PlyCount "67"]
[EventDate "2009.06.27"]

1. d4 Nf6 2. c4 d5 3. Nc3 e6 4. Nf3 c6 5. e3 Bb4 6. Qb3 Bd6 7. Bd3 a6 8. O-O
O-O 9. e4 dxe4 10. Nxe4 Nxe4 11. Bxe4 Be7 12. Rd1 f5 13. Bc2 Qc7 14. Bg5 Bxg5
15. Nxg5 h6 16. Nf3 Nd7 17. Qc3 b6 18. Rac1 Nf6 19. Ne5 Bb7 20. c5 Nd5 21. Qc4
Rf6 22. Bb3 b5 23. Qf1 Rd8 24. Bxd5 exd5 25. f4 Bc8 26. Re1 Be6 27. Re3 Kh7 28.
Rce1 Bf7 29. a4 Re8 30. axb5 axb5 31. Ra3 Rfe6 32. Rea1 Qe7 33. Ra7 Qf6 34.
Rxf7 1-0

[Event "I Festival"]
[Site "Perugia ITA"]
[Date "2009.06.27"]
[Round "2"]
[White "Bertolini, Ettore"]
[Black "Bonucci, Riccardo"]
[Result "1-0"]
[WhiteElo "1856"]
[BlackElo "1714"]
[PlyCount "65"]
[EventDate "2009.06.27"]

1. e4 d6 2. d4 c5 3. Nf3 cxd4 4. Nxd4 Nf6 5. Nc3 Nc6 6. Be2 e6 7. O-O Be7 8.
Be3 a6 9. f4 Qc7 10. Nb3 b5 11. a3 O-O 12. Qe1 Bb7 13. Bf3 Na5 14. Nxa5 Qxa5
15. e5 d5 16. exf6 Bxf6 17. Bc5 Rfc8 18. Nxd5 Qxe1 19. Nxf6+ gxf6 20. Raxe1
Bxf3 21. Bd4 Bd5 22. c3 f5 23. Re3 Kf8 24. Rh3 Ke7 25. Rxh7 Rg8 26. Rf2 Rac8
27. h4 Rg4 28. Rh6 Rcg8 29. Bf6+ Ke8 30. Kh2 Rf8 31. h5 Rfg8 32. g3 Rf8 33. Rd2
{...} 1-0

[Event "I Festival"]
[Site "Perugia ITA"]
[Date "2009.06.27"]
[Round "2"]
[White "Bove, Alessandro"]
[Black "Calisti, Simone"]
[Result "1-0"]
[WhiteElo "2297"]
[BlackElo "1368"]
[PlyCount "39"]
[EventDate "2009.06.27"]

1. e4 e5 2. f4 Nc6 3. Nc3 Nf6 4. fxe5 Nxe5 5. d4 Nc6 6. e5 Ng8 7. Nf3 d6 8. Bb5
Bd7 9. O-O Be7 10. Qe2 Bg4 11. Qe4 Qd7 12. d5 Bf5 13. Qa4 Qc8 14. e6 fxe6 15.
dxc6 b6 16. Ba6 Qd8 17. Nd4 Nf6 18. Bb7 Rb8 19. Rxf5 exf5 20. Ne6 1-0

[Event "I Festival"]
[Site "Perugia ITA"]
[Date "2009.06.27"]
[Round "2"]
[White "Burani, Eugenio"]
[Black "Tanasa, Remus"]
[Result "0-1"]
[WhiteElo "1993"]
[BlackElo "2026"]
[PlyCount "104"]
[EventDate "2009.06.27"]

1. e4 e6 2. d4 d5 3. e5 c5 4. c3 Nc6 5. Nf3 Qb6 6. a3 Nge7 7. Bd3 Bd7 8. Bc2 g6
9. b4 cxd4 10. cxd4 Nf5 11. Bb2 h5 12. Bxf5 gxf5 13. Ng5 h4 14. O-O Be7 15. Nf3
O-O-O 16. Nc3 Rhg8 17. Na4 Qb5 18. Rc1 Kb8 19. Nc5 Bxc5 20. dxc5 Ne7 21. Nd4
Qa4 22. Qf3 Bb5 23. Nxb5 Qxb5 24. Qb3 a5 25. Rfd1 Nc6 26. Bc3 h3 27. g3 Qe2 28.
Bd4 Qe4 29. f3 Nxd4 30. fxe4 Nxb3 31. Rc3 a4 32. exd5 exd5 33. Rxd5 f4 34. Kf2
fxg3+ 35. Rxg3 Kc7 36. Rd6 Nc1 37. Rf6 Rxg3 38. Kxg3 Rh8 39. Rd6 Ne2+ 40. Kf2
Nc3 41. Rd3 Ne4+ 42. Kf3 Rh4 43. Rd5 Ng5+ 44. Kg3 Re4 45. e6 Nxe6 46. Rf5 Re3+
47. Kg4 Nd8 48. b5 Rxa3 49. Rf6 Rd3 50. b6+ Kd7 51. Rf5 a3 52. Rh5 Kc6 0-1

[Event "I Festival"]
[Site "Perugia ITA"]
[Date "2009.06.27"]
[Round "2"]
[White "Buratti, Marco"]
[Black "Mogranzini, Roberto"]
[Result "0-1"]
[WhiteElo "2037"]
[BlackElo "2422"]
[PlyCount "96"]
[EventDate "2009.06.27"]

1. d4 Nf6 2. Nc3 d5 3. Bg5 Nbd7 4. f3 h6 5. Bh4 c6 6. e4 Qb6 7. e5 Qxb2 8. Nge2
g5 9. Bf2 Nh7 10. a4 e6 11. Rb1 Qa3 12. Rb3 Qe7 13. h4 f5 14. Nc1 Qg7 15. g4
fxg4 16. fxg4 Be7 17. h5 O-O 18. Bg2 b6 19. O-O Ba6 20. N3e2 Rac8 21. Bg3 c5
22. Rxf8+ Nhxf8 23. c3 Qh7 24. Rb2 cxd4 25. cxd4 Ba3 26. Rb3 Be7 27. Rb2 Nb8
28. Be1 Nc6 29. Bf2 Na5 30. Nb3 Nc4 31. Rb1 Ba3 32. Bf1 Nb2 33. Qe1 Nd3 34. Qd1
Nxf2 35. Kxf2 Rc2 36. Na1 Rc7 37. Rb3 Rf7+ 38. Rf3 Rxf3+ 39. Kxf3 Qe4+ 40. Kg3
Qe3+ 41. Kg2 Qe4+ 42. Kg3 Bb2 43. Nb3 Qe3+ 44. Kg2 Bc4 45. Nec1 Qe4+ 46. Kg1
Nd7 47. Kf2 Qf4+ 48. Kg2 Bxf1+ 0-1

[Event "I Festival"]
[Site "Perugia ITA"]
[Date "2009.06.27"]
[Round "2"]
[White "Castellano, Alfonso"]
[Black "Seravelli, Paolo"]
[Result "1-0"]
[WhiteElo "1953"]
[BlackElo "1804"]
[PlyCount "51"]
[EventDate "2009.06.27"]

1. c4 e5 2. Nc3 Nf6 3. g3 Bc5 4. Bg2 O-O 5. e3 d6 6. Nge2 Nc6 7. d4 exd4 8.
exd4 Bb6 9. a3 Re8 10. O-O h6 11. b4 a6 12. h3 Ne7 13. Bf4 c6 14. b5 a5 15. Qb3
c5 16. Rad1 Qc7 17. Na4 Nf5 18. dxc5 Bxc5 19. Rfe1 g5 20. b6 Qb8 21. Nxc5 gxf4
22. Qc3 Kg7 23. Nxf4 Rxe1+ 24. Rxe1 dxc5 25. Nh5+ Kg6 26. Qxf6+ 1-0

[Event "I Festival"]
[Site "Perugia ITA"]
[Date "2009.06.27"]
[Round "2"]
[White "Cicioni, Luigi"]
[Black "Cuppone, Damiano"]
[Result "1/2-1/2"]
[WhiteElo "1771"]
[BlackElo "1933"]
[PlyCount "62"]
[EventDate "2009.06.27"]

1. e4 c5 2. c3 d5 3. exd5 Qxd5 4. Nf3 Nf6 5. d4 Bg4 6. Be2 e6 7. c4 Qd8 8. Nc3
cxd4 9. Qxd4 Nc6 10. Qxd8+ Rxd8 11. O-O Be7 12. Bf4 O-O 13. Rad1 h6 14. h3 Bf5
15. Bc7 Rxd1 16. Rxd1 Rc8 17. Bd6 Kf8 18. Bxe7+ Kxe7 19. Nb5 Ne4 20. Nfd4 Nxd4
21. Nxd4 Bg6 22. Nf3 f6 23. Nd2 Rd8 24. Nxe4 Rxd1+ 25. Bxd1 Bxe4 26. f3 Bd3 27.
b3 Kd6 28. Kf2 Kc5 29. Ke3 Bf1 30. Kf2 Bd3 31. Ke3 Bf1 1/2-1/2

[Event "I Festival"]
[Site "Perugia ITA"]
[Date "2009.06.27"]
[Round "2"]
[White "Damia, Angelo"]
[Black "Leon Hoyos, Manuel"]
[Result "0-1"]
[WhiteElo "2235"]
[BlackElo "2527"]
[PlyCount "67"]
[EventDate "2009.06.27"]

1. Nc3 c5 2. d4 cxd4 3. Qxd4 Nc6 4. Qh4 Nf6 5. Bg5 Qa5 6. O-O-O d6 7. Bxf6 gxf6
8. Rd5 Qb6 9. e3 f5 10. Bd3 e6 11. Rb5 Qd8 12. Qxd8+ Kxd8 13. Nce2 a6 14. Rb3
d5 15. c4 dxc4 16. Bxc4 b5 17. Rd3+ Ke7 18. Bb3 Bb7 19. Nf3 Rc8 20. Kb1 Bg7 21.
Rhd1 Rc7 22. Ng3 Rhc8 23. Rc1 a5 24. Bd1 a4 25. Be2 Nb4 26. Rxc7+ Rxc7 27. a3
Nxd3 28. Bxd3 Bd5 29. Ne2 Rb7 30. Nfd4 b4 31. axb4 Rxb4 32. Kc2 Bxg2 33. Kc3
Rb6 34. Bb5 0-1

[Event "I Festival"]
[Site "Perugia ITA"]
[Date "2009.06.27"]
[Round "2"]
[White "Gubbiotti, David"]
[Black "Nepi, Ezio"]
[Result "0-1"]
[WhiteElo "1670"]
[BlackElo "1848"]
[PlyCount "62"]
[EventDate "2009.06.27"]

1. e4 c5 2. Nf3 d6 3. d4 cxd4 4. Nxd4 Nf6 5. Nc3 Nc6 6. Be2 e5 7. Nf3 h6 8. Be3
Be7 9. Qd2 O-O 10. h3 Be6 11. O-O-O a5 12. g4 Nh7 13. Rhg1 Ng5 14. Nxg5 hxg5
15. h4 gxh4 16. g5 g6 17. Bg4 Kg7 18. Bxe6 fxe6 19. Rh1 Rh8 20. Rh3 Rc8 21. Rg1
Qd7 22. Rgh1 b5 23. Nxb5 Nb4 24. Nc3 d5 25. a3 Rxc3 26. axb4 Rc7 27. bxa5 d4
28. Rd1 Qa4 29. Kb1 dxe3 30. fxe3 Rhc8 31. c3 Qxe4+ 0-1

[Event "I Festival"]
[Site "Perugia ITA"]
[Date "2009.06.27"]
[Round "2"]
[White "Laketic, Gojko"]
[Black "Malfagia, Andrea"]
[Result "1/2-1/2"]
[WhiteElo "2457"]
[BlackElo "2282"]
[PlyCount "121"]
[EventDate "2009.06.27"]

1. e4 c5 2. Nf3 e6 3. d3 Nc6 4. g3 g6 5. Bg2 Bg7 6. O-O Nge7 7. Re1 d5 8. e5 b6
9. Bf4 h6 10. h4 a5 11. a4 Ba6 12. Na3 Qd7 13. c3 g5 14. hxg5 Ng6 15. gxh6 Bxh6
16. Bxh6 Rxh6 17. d4 cxd4 18. cxd4 Ke7 19. Qb3 Nb4 20. Nc2 Nd3 21. Re3 Ndf4 22.
Qa3+ Ke8 23. gxf4 Nxf4 24. Bf1 f6 25. exf6 Rg6+ 26. Kh1 Qh7+ 27. Nh2 Bxf1 28.
Rxf1 Rxf6 29. Ne1 Rh6 30. Nef3 Kd7 31. Rc1 Rxh2+ 32. Nxh2 Rh8 33. Rh3 Qxh3 34.
Qxh3 Rxh3 35. f3 Ne2 36. Rb1 Rh4 37. Kg2 Rxd4 38. Kf2 Nf4 39. b3 e5 40. Ng4 Kd6
41. Kg3 Rd2 42. b4 Ne2+ 43. Kh3 Nc3 44. Rb3 d4 45. bxa5 bxa5 46. Rb6+ Kd5 47.
Ra6 Nxa4 48. Rxa5+ Nc5 49. Nf6+ Ke6 50. Rxc5 Kxf6 51. Kg3 Kf5 52. Rc8 Re2 53.
Rd8 Re3 54. Kf2 Ra3 55. Rf8+ Ke6 56. Rd8 Ra2+ 57. Kg3 Ra7 58. f4 Ra3+ 59. Kf2
Kf5 60. fxe5 Kxe5 61. Ke2 1/2-1/2

[Event "I Festival"]
[Site "Perugia ITA"]
[Date "2009.06.27"]
[Round "2"]
[White "Pichler, Christoph"]
[Black "Colabrese, Cary"]
[Result "1-0"]
[WhiteElo "1831"]
[BlackElo "1588"]
[PlyCount "143"]
[EventDate "2009.06.27"]

1. e4 e5 2. Nf3 Nf6 3. Nxe5 d6 4. Nf3 Nxe4 5. d4 d5 6. Bd3 Be7 7. O-O Nc6 8.
Re1 Bg4 9. c3 f5 10. h3 Bh5 11. Be2 O-O 12. Nfd2 Bg6 13. Nxe4 fxe4 14. Be3 Kh8
15. Bh5 Bf5 16. Bg4 Bg6 17. Qe2 Na5 18. Nd2 a6 19. b4 Nc6 20. a4 Nb8 21. Nf1
Nd7 22. Qd2 Nf6 23. Bd1 c6 24. Bg5 Qd6 25. Bf4 Qd8 26. Ng3 Bd6 27. Bxd6 Qxd6
28. Qg5 Nd7 29. Bg4 Qf6 30. Qe3 Nb6 31. Be2 Rf7 32. a5 Nd7 33. Bg4 Nf8 34. Rf1
Ne6 35. Bxe6 Qxe6 36. Rfe1 Raf8 37. Ra2 h6 38. Nf1 Rf4 39. Nh2 Bh5 40. Qg3 g5
41. Qe3 Qf6 42. g3 Rf3 43. Nxf3 Bxf3 44. Rc1 h5 45. c4 Rg8 46. cxd5 Qf5 47. Kh2
cxd5 48. Rc7 Rb8 49. Rac2 Rg8 50. Qc3 h4 51. Rc8 hxg3+ 52. fxg3 g4 53. Rxg8+
Kxg8 54. Qc8+ Qxc8 55. Rxc8+ Kg7 56. Rc7+ Kg6 57. hxg4 Bxg4 58. Kg2 e3 59. Rc3
e2 60. Re3 Kg7 61. Kf2 Kf6 62. Re5 e1=Q+ 63. Kxe1 Be6 64. Kf2 Bf7 65. Kf3 Be6
66. Kf4 Bf7 67. g4 Be6 68. g5+ Kf7 69. g6+ Kf6 70. Rxe6+ Kxe6 71. g7 Kf7 72.
Ke5 1-0

[Event "I Festival"]
[Site "Perugia ITA"]
[Date "2009.06.27"]
[Round "2"]
[White "Ricci, Alfredo"]
[Black "Piscopo, Pierluigi"]
[Result "0-1"]
[WhiteElo "2024"]
[BlackElo "2405"]
[PlyCount "84"]
[EventDate "2009.06.27"]

1. e4 c5 2. Nf3 Nc6 3. d4 cxd4 4. Nxd4 Nf6 5. Nxc6 bxc6 6. Bd3 g6 7. O-O Bg7 8.
Kh1 O-O 9. Qe1 Bb7 10. Nc3 d5 11. e5 Nd7 12. f4 c5 13. b3 e6 14. Bd2 Rc8 15.
Rd1 Bc6 16. Nb5 c4 17. bxc4 dxc4 18. Ba5 cxd3 19. Bxd8 dxc2 20. Nd6 cxd1=Q 21.
Qxd1 Rcxd8 22. Qc1 Bd5 23. Qc7 Nb6 24. h3 Rd7 25. Qc2 Nc4 26. Qa4 Rc7 27. Nb5
Nb6 28. Qd1 Rc5 29. Nd6 Rc6 30. Rf2 Nc4 31. Nb5 Ne3 32. Qd2 Nf5 33. Kh2 Rc5 34.
a4 a6 35. g4 Nh4 36. Qe3 Rc4 37. Nd6 Rb4 38. f5 Rb3 39. Qd4 Nf3+ 40. Rxf3 Rxf3
41. f6 Bh6 42. Ne4 Bf4+ 0-1

[Event "I Festival"]
[Site "Perugia ITA"]
[Date "2009.06.27"]
[Round "2"]
[White "Romano, Claudio"]
[Black "Maddaloni, Giovanni"]
[Result "1-0"]
[WhiteElo "1572"]
[BlackElo "1812"]
[PlyCount "58"]
[EventDate "2009.06.27"]

1. d4 Nf6 2. Nf3 g6 3. e3 d5 4. c4 Bg7 5. cxd5 Nxd5 6. e4 Nb6 7. Nc3 O-O 8. Be3
Nc6 9. h3 Na5 10. Qc1 Nac4 11. Bh6 c6 12. a4 Na5 13. Bxg7 Kxg7 14. Qc2 Be6 15.
b4 Nb3 16. Rd1 a5 17. d5 cxd5 18. Nxd5 Nxd5 19. Bc4 Qb6 20. exd5 Qxb4+ 21. Kf1
Rfc8 22. Qxb3 Rxc4 23. Qxb4 axb4 24. dxe6 Rxa4 25. exf7 Ra5 26. Re1 Rb5 27. g4
b3 28. Kg2 b2 29. Rb1 29... Kxf7 {...} 1-0

[Event "I Festival"]
[Site "Perugia ITA"]
[Date "2009.06.27"]
[Round "2"]
[White "Saponara, Nicola"]
[Black "Schiappoli, Dario"]
[Result "1-0"]
[WhiteElo "1808"]
[BlackElo "1959"]
[PlyCount "89"]
[EventDate "2009.06.27"]

1. e4 c5 2. Nf3 d6 3. d4 cxd4 4. Nxd4 Nf6 5. Nc3 a6 6. Bg5 e6 7. f4 b5 8. Qf3
Bb7 9. O-O-O Be7 10. Bd3 Nbd7 11. g4 b4 12. Nce2 h6 13. Bh4 Qc7 14. Rhf1 Nc5
15. Ng3 Rc8 16. Rf2 d5 17. Bxf6 Bxf6 18. e5 Bh4 19. f5 O-O 20. Re2 Rfe8 21. Nh5
Nxd3+ 22. Qxd3 Qc4 23. Kb1 Qxd3 24. cxd3 Rc5 25. Nf4 Bg5 26. Ng2 Rec8 27. Rc2
Rxc2 28. Nxc2 d4 29. Nge1 Rc5 30. Nxd4 Rxe5 31. Nef3 Bxf3 32. Nxf3 Re3 33. Nxg5
hxg5 34. Rd2 exf5 35. gxf5 Rf3 36. Kc2 Rxf5 37. Kb3 a5 38. d4 Rd5 39. Kc4 Rd8
40. Kb5 Rd5+ 41. Kc6 Rd8 42. d5 Kf8 43. d6 Rc8+ 44. Kb7 Rd8 45. d7 1-0

[Event "I Festival"]
[Site "Perugia ITA"]
[Date "2009.06.27"]
[Round "2"]
[White "Tiengo, Davide"]
[Black "Djuric, Stefan"]
[Result "0-1"]
[WhiteElo "2070"]
[BlackElo "2447"]
[PlyCount "55"]
[EventDate "2009.06.27"]

1. d4 Nf6 2. Nf3 g6 3. c4 Bg7 4. Nc3 O-O 5. e4 d6 6. Be2 Nbd7 7. O-O e5 8. d5
Nc5 9. Nd2 a5 10. Rb1 Bh6 11. Qc2 c6 12. Re1 Ng4 13. g3 Qb6 14. Rf1 Bg7 15. Kg2
Na6 16. Na4 Qxf2+ 17. Rxf2 Ne3+ 18. Kg1 Nxc2 19. Nb3 Nd4 20. Nb6 Ra7 21. Kg2
Nb4 22. Nxc8 Rxc8 23. Bg4 Rf8 24. Nxd4 exd4 25. Bg5 cxd5 26. exd5 b6 27. Rd1 f5
28. Bf3 {...} 0-1